000 02053cam a22004697i 4500
001 531
003 FISKH
005 20230926145006.0
008 140903s2013 nyu j 000 1 eng d
010 _a 2014427027
020 _a9780545418027 (paperback)
020 _a054541802X (paperback)
020 _a9781480609822 (Paw Prints)
020 _a148060982X (Paw Prints)
035 _a(OCoLC)ocn828485804
040 _aBTCTA
_beng
_cBTCTA
_erda
_dYDXCP
_dBDX
_dWIM
_dFOLLT
_dWIM
_dFOLLT
_dJP3
_dIEP
_dUPZ
_dIFK
_dAUMCS
_dOCLCQ
_dDLC
_dFISKH
042 _alccopycat
050 0 0 _aPZ7.S86037
_bDt 2013
082 0 4 _a813.6
_223
100 1 _aStine, R. L.,
_eauthor.
245 1 0 _aDr. Maniac will see you now /
_cR.L. Stine.
246 3 _aDoctor Maniac will see you now
264 1 _aNew York :
_bScholastic Inc.
_c2013.
300 _a136 pages ;
_c20 cm.
336 _atext
_btxt
_2rdacontent
337 _aunmediated
_bn
_2rdamedia
338 _avolume
_bnc
_2rdacarrier
490 1 _aGoosebumps most wanted ;
_v5
500 _aThe most wanted list continues with a special edition inside.
505 _aF
520 _aThe infamous, Most Wanted Goosebumps characters are out on the loose and they're coming after you! Catch them all, undead or alive! The Most Wanted list continues with Dr. Maniac, the strangest doctor of them all. When a group of comic book characters appear in the real world, twelve-year-old Richard Dreezer, must track down Dr. Maniac to save the day. Straight from the comic book of your worst nightmares, this evil genius will make sure you leave sicker than when you arrived.
521 2 _aAppeals to 4th-6th graders.
521 0 _a410
_bLexile
521 0 _aF
_bRaz-Plus
650 0 _aComic strip characters
_vJuvenile fiction.
655 0 _aHorror tales.
655 7 _aHorror fiction.
_2gsafd
800 1 _aStine, R. L.
_tGoosebumps most wanted ;
_v5.
906 _a7
_bcbc
_ccopycat
_d2
_encip
_f20
_gy-gencatlg
942 _2ddc
_cBK
_n0
999 _c531
_d531